Τουρκία : ανατολικά της ΕΕ

Αποθηκεύτηκε σε:
Λεπτομέρειες βιβλιογραφικής εγγραφής
Κύριος συγγραφέας: Χατζηστεφάνου, Άρης
Άλλοι συγγραφείς: Belge, Murat, Murat (Συγγραφέας εισαγωγής κ.λπ.), Κούλογλου, Στέλιος Δ., 1953- (Συγγραφέας εισαγωγής κ.λπ.)
Μορφή: Βιβλίο
Γλώσσα:Greek
Δημοσίευση: Αθήνα : Πολύτροπον, 2005
Θέματα:
Ετικέτες: Προσθήκη ετικέτας
Δεν υπάρχουν, Καταχωρήστε ετικέτα πρώτοι!

MARC

LEADER 00000cam a2200000 i 4500
001 1/98825
008 081204s2005 gre d
020 |a 960-8354-36-6 
035 |l 10102231 
040 |a GR-MY-UA  |b gre  |e aacr 
041 0 |a gre 
082 0 |a 949.6104  |2 (22) 
100 1 |a Χατζηστεφάνου, Άρης. 
245 1 0 |a Τουρκία :  |b ανατολικά της ΕΕ /  |c Άρης Χατζηστεφάνου ; [πρόλογος: Μουράτ Μπελγκέ - Στέλιος Κούλογλου] 
260 |a Αθήνα :   |b Πολύτροπον,   |c 2005 
300 |a 221 σ.;  |b έγχρ. εικ.;  |c 24 εκ. 
504 |a Βιβλιογραφία: σ. [217]-221 
651 0 |a European Union countries  |x Foreign relations  |z Turkey. 
651 0 |a Turkey  |x Foreign relations  |z European Union countries. 
651 0 |a Turkey  |x Ethnic relations  |x Political aspects. 
700 1 |a Belge, Murat, Murat.  |4 aui 
700 1 |a Κούλογλου, Στέλιος Δ.,   |d 1953-  |4 aui 
852 |a INST  |b RHODES  |e 20081204  |h 949.6104 ΧΑΤ  |p 005400031477  |q 005400031477  |t BK  |y 0 
901 |a BIBL4-2008-3 
909 |a Ρ  |b 156537 
970 |a ΚΟΖΑ  |b ΜΑΡΙΑ  |z 2008/12/04